000 00577nam a22001457a 4500
020 _a0-671-88055-1
082 _a823
_bSTI/G
100 _aSTINE, R L
245 _aTHE BEAST
260 _aNEW YORK
_bMINSTREL BOOKS
_c1994
300 _a131
520 _aJames and his cousin Ashley have an entire day at King's Island, which ends with a ride on the roller coaster The Beast. He's rode it multiple times before, but it's her first time. He convinces her to ride it one last time and while in line, they meet two teenage boys.
650 _aADVENTURE
_zUNITED STATES
942 _cBK
999 _c5987
_d5987